Normal view MARC view
  • Viessman, Warren

Entry Personal Name

Number of records used in: 11

001 - CONTROL NUMBER

  • control field: 715

003 - CONTROL NUMBER IDENTIFIER

  • control field: NUST

005 - DATE AND TIME OF LATEST TRANSACTION

  • control field: 20170515120802.0

008 - FIXED-LENGTH DATA ELEMENTS

  • fixed length control field: 170515|| aca||aabn | a|a d

040 ## - CATALOGING SOURCE

  • Original cataloging agency: NUST
  • Transcribing agency: NUST

100 ## - HEADING--PERSONAL NAME

  • Personal name: Viessman, Warren

670 ## - SOURCE DATA FOUND

  • Source citation: Work cat.: (NUST): Viessman, Warren, Water Supply and Pollution control /
© 2023 Central Library, National University of Sciences and Technology. All Rights Reserved.